Osteoimmunology: interactions of the immune and skeletal systems (Record no. 32288)

MARC details
000 -LEADER
fixed length control field 00743nam a2200169 a 4500
008 - FIXED-LENGTH DATA ELEMENTS--GENERAL INFORMATION
fixed length control field 160229s2011 ||||||||||||||||| || u
020 ## - INTERNATIONAL STANDARD BOOK NUMBER
International Standard Book Number 9780123756701
050 ## - LIBRARY OF CONGRESS CALL NUMBER
Classification number QR 181 Ose
100 ## - MAIN ENTRY--PERSONAL NAME
Personal name Lorenzo, Joseph
245 10 - TITLE STATEMENT
Title Osteoimmunology: interactions of the immune and skeletal systems
Statement of responsibility, etc. Edited by Joseph Lorenzo, Yongwon Choi, Mark Horowitz [and] Hiroshi Takayanagi
260 ## - PUBLICATION, DISTRIBUTION, ETC.
Place of publication, distribution, etc. London
Name of publisher, distributor, etc. Academic Press/Elsevier
Date of publication, distribution, etc. 2011
300 ## - PHYSICAL DESCRIPTION
Extent xiii, 453 pages : illustrations
350 ## -
-- 112.00
650 #0 - SUBJECT ADDED ENTRY--TOPICAL TERM
Topical term or geographic name entry element MUSCULOSKELETAL SYSTEM
650 #0 - SUBJECT ADDED ENTRY--TOPICAL TERM
Topical term or geographic name entry element IMMUNOLOGY
995 ## -
-- MICHAEL CHILUFYA SATA OPEN ACCESS
-- 903361
-- CBU-SCHOOL OF MEDICINE LIBRARY (Ndola)
-- 112.00
-- QR 181 Ose
-- 1
-- AVAILABLE
-- Mar 14, 2016
-- 903361
-- Medical Library Open Access Collection
999 ## -
-- 32288
-- 32288
Holdings
Withdrawn status Lost status Source of classification or shelving scheme Damaged status Not for loan Permanent Location Current Location Shelving location Date acquired Total Checkouts Full call number Barcode Date last seen Price effective from Koha item type
          CBU-SCHOOL OF MEDICINE LIBRARY, NDOLA. CBU-SCHOOL OF MEDICINE LIBRARY, NDOLA.   11/30/2022   QR 181 Ose 903361 11/30/2022 11/30/2022 MONOGRAPH